Fútbol, massmedia y nación en Costa Rica. Construcción de identidad y representaciones nacionales en el deport: taller 10

El documento aborda el tema del fútbol, como uno de los discursos en el que se refleja la nación imaginada. Esta invención de la nación costarricense en el fútbol implica procesos específicos de producción, circulación y recepción de los discursos y los imaginarios que los medios de comunicación ayu...

Volledige beschrijving

Bewaard in:
Bibliografische gegevens
Hoofdauteur: Villena Fiengo, Segio
Coauteur: FLASCO
Formaat: Texto
Gepubliceerd in: San José: FLASCO
Onderwerpen:
Tags: Voeg label toe
Geen labels, Wees de eerste die dit record labelt!

MARC

LEADER 00000 a a2200000 04500
001 32819
003
040
090 |a 204500  
100 |a Villena Fiengo, Segio  
110 |a FLASCO  
245 |a Fútbol, massmedia y nación en Costa Rica. Construcción de identidad y representaciones nacionales en el deport: taller 10  
260 |a San José:   |b FLASCO  
300 |a 11 p.  
520 |a El documento aborda el tema del fútbol, como uno de los discursos en el que se refleja la nación imaginada. Esta invención de la nación costarricense en el fútbol implica procesos específicos de producción, circulación y recepción de los discursos y los imaginarios que los medios de comunicación ayudan a mantener. Gracias a la cobertura que otorga al fútbol un sistema nacional unificado de comunicaciones, se viven los avatares del juego. De esta manera, mediante un análisis del trasfondo ideológico del discurso del fútbol, de sus propuestas y claves interpretativas, el autor intenta a responder al problema de ¿Cuál es el alcance que tiene en la generación de un sentimiento de "comunidad en anonimato" la interpelación que los medios de comunicación hacen sobre el desempeño futbolístico de la selección nacional costarricense?  
650 |a COSTA RICA  
650 |a DEPORTES  
650 |a IDENTIDAD CULTURAL  
650 |a NACIONALISMO  
650 |a MEDIOS DE COMUNICACION  
650 |a INFLUENCIA SOCIAL  
650 |a VALORES SOCIALES  
650 |a OPINION PUBLICA  
999 |c 8882  |d 8882